Engineering Fields by Picture - Statistics

General Stats
  • This quiz has been taken 466 times
  • The average score is 9 of 14
Answer Stats
Picture Answer % Correct
Mechanical
99%
Electrical
89%
Aerospace
87%
Civil
87%
Nuclear
75%
Software
74%
Biomedical
67%
Robotics
67%
Computer
60%
Chemical
53%
Systems/Industrial
46%
Petroleum
43%
Marine
24%
Materials Science
5%
No matching quizzes found
Score Distribution
Percent of People with Each Score
Percentile by Number Answered
Your Score History
You have not taken this quiz